000 00468nam a2200181Ia 4500
008 221030s9999 xx 000 0 und d
020 _a8120312414
041 _aEnglish
082 _a105.23
_bTan
100 _aA. S. Tanenbaum
245 0 _aOperating Systems : Design & Implementation
_cby A. S. Tanenbaum, A. S. Woodhull
250 _a2nd
260 _bPHI
_aNew Delhi
_c2001
300 _a939
650 _aBE Computer
700 _aA. S. Woodhull
942 _cBK
999 _c7690
_d7690